| 000 | 00573nam a2200241 a 4500 | ||
|---|---|---|---|
| 005 | 20210219153531.0 | ||
| 008 | 991125n 000 0 u | ||
| 035 | _aUPN01000105171 | ||
| 100 | _aBroadt, Brian | ||
| 222 | _aPHYSICS TEACHER | ||
| 245 | _aWhat's an ollie? | ||
| 300 | _a498-499 | ||
| 362 | _a29, No. 8, 1991 | ||
| 505 | _aFebrero 1993 | ||
| 653 | 0 | _aCINETICOS | |
| 653 | 0 | _aFISICA | |
| 653 | 0 | _aGRAVEDAD FISICA | |
| 653 | 0 | _aMOCION | |
| 700 | _aNecochea, Chris | ||
| 700 | _aJacobsen, Stephen P. | ||
| 904 |
_aAC _b042982 |
||
| 905 | _aArticulo | ||
| 999 |
_c79301 _d79301 |
||